The complete angler. Part II. Being instructions how to angle for a trout or grayling in a clear stream.

Bibliographic Details
Main Author: Cotton, Charles, 1630-1687
Format: eBook
Language:English
Published: London, [publisher not identified] ; 1784.
Series:Eighteenth century collections online.
Online Access:Full text online

MARC

Tag First Indicator Second Indicator Subfields
LEADER 00000cam a2200000 4500
001 in00001855893
006 m | d |
007 cr |n||||||||n
008 791208s1784 enk|||| s 00||||eng d
005 20260414191944.5
035 |a (CStRLIN)ESTCT84923 
040 |a Uk-ES  |c Uk-ES  |d Cu-RivES  |d CStRLIN  |d Thomson Gale  |d UtOrBLW 
100 1 |a Cotton, Charles,  |d 1630-1687. 
245 1 4 |a The complete angler. Part II. Being instructions how to angle for a trout or grayling in a clear stream. 
246 3 |a Compleat angler.  |f Part 2 
264 1 |a London,  |b [publisher not identified] ;  |c 1784. 
300 |a xxxiv, 111, 11 unnumbered pages, plates :  |b portrait ;  |c 8⁰. 
336 |a text  |b txt  |2 rdacontent 
337 |a computer  |b c  |2 rdamedia 
338 |a online resource  |b cr  |2 rdacarrier 
500 |a The dedication signed: Charles Cotton. 
500 |a The register continues that of Part 1. 
500 |a In: 'The complete angler, or contemplative man's recreation' London, 1784. 
500 |a Reproduction of original from the British Library. 
510 4 |a English Short Title Catalog,  |c ESTCT84923. 
533 |a Electronic reproduction.  |b Farmington Hills, Mich. :  |c Thomson Gale,  |d 2003.  |n Available via the World Wide Web.  |n Access limited by licensing agreements  |7 s2003 miunns 
500 |a Electronic resource. 
830 0 |a Eighteenth century collections online. 
856 4 0 |u http://proxy.library.tamu.edu/login?url=https://galenet.galegroup.com/servlet/ECCO?c=1&stp=Author&ste=11&af=BN&ae=T084923&tiPG=1&dd=0&dc=flc&docNum=CW102450285&vrsn=1.0&srchtp=a&d4=0.33&n=10&SU=0LRH&locID=txshracd2898  |z Full text online  |t 0 
999 |a MARS 
999 f f |s f1d1f259-dae2-3a34-919d-5bd96ddbf991  |i b56b3d9c-e770-31fd-9227-c3c4dae5499d  |t 0 
952 f f |a Texas A&M University  |b College Station  |c Electronic Resources  |s www_evans  |d Available Online  |t 0  |h No information provided 
998 f f |t 0  |l Available Online